America : Currency by Country (Yellow Box) - Statistics

General Stats
  • This quiz has been taken 367 times
    363 since last reset
  • The average score is 31 of 35
Answer Stats
Country Currency % Correct
Argentina Argentine peso
100%
Canada Canadian dollar
99%
Bahamas Bahamian dollar (alongside US dollar)
98%
Barbados Barbadian dollar (alongside US dollar)
98%
Belize Belize dollar (alongside US dollar)
98%
Antigua and Barbuda East Caribbean dollar
98%
Chile Chilean peso
97%
Grenada East Caribbean dollar
96%
Mexico Mexican peso
95%
United States United States dollar
94%
Uruguay Uruguayan peso (alongside US dollar)
94%
Colombia Colombian peso
93%
Cuba Cuban peso
93%
Dominica East Caribbean dollar
93%
Saint Kitts and Nevis East Caribbean dollar
93%
Saint Vincent and the Grenadines East Caribbean dollar
93%
Guyana Guyanese dollar
93%
El Salvador None (United States dollar)
93%
Suriname Surinamese dollar
93%
Trinidad and Tobago Trinidad and Tobago dollar
93%
Saint Lucia East Caribbean dollar
92%
Jamaica Jamaican dollar
92%
Dominican Republic Dominican peso
91%
Ecuador None (United States dollar)
91%
Panama Panamanian balboa (alongside US dollar)
90%
Costa Rica Costa Rican colon (alongside US dollar)
89%
Brazil Brazilian real
88%
Haiti Haitian gourde (alongside US dollar)
88%
Honduras Honduran lempira (alongside US dollar)
85%
Venezuela Venezuelan bolivar
83%
Peru Peruvian sol
74%
Bolivia Bolivian boliviano
71%
Paraguay Paraguayan guarani
68%
Guatemala Guatemalan quetzal
67%
Nicaragua Nicaraguan cordoba
53%
No matching quizzes found
Score Distribution
Percent of People with Each Score
Percentile by Number Answered
Your Score History
You have not taken this quiz since the last reset